000
00322nam a2200133Ia 4500
008
240624s9999 xx 000 0 und d
041
_a
eng
082
_a
658.4092 NEW
100
_a
NEWMAN AMY
245
_a
BUILDING LEADERSHIP CHARACTER
260
_c
2019
_a
London
_b
Sage
300
_a
xx, 265 p.; 23 cm.
365
_c
_b
35
999
_c
31657
_d
31657